| 000 | 01117 a2200205 4500 | ||
|---|---|---|---|
| 003 | OSt | ||
| 005 | 20260220120504.0 | ||
| 008 | 250110b |||||||| |||| 00| 0 eng d | ||
| 020 | _a9789392019050 | ||
| 041 | _aEng | ||
| 050 | _a610.7368 THA | ||
| 100 |
_aThangavel Vandana _9209313 |
||
| 245 | _aA Textbook Of Mental Health Nursing -i | ||
| 250 | _a2nd Edition | ||
| 260 |
_bBookera Publishers & Distributors, _aJaipur _c2026 |
||
| 300 | _a460 P | ||
| 500 | _a• Comprehensive coverage of mental health nursing concepts • Detailed explanations of psychopathology and etiology • Focus on therapeutic communication and nurse-patient relationships • Includes latest developments in treatment modalities • Practical approach with real-world clinical applications • Clear and concise language for easy understanding • Covers essential nursing procedures in psychiatric care • Ideal for exam preparation and clinical practice • Emphasizes the role of nurses in mental health promotion and rehabilitation | ||
| 651 |
_aMental Health Nursing _9212013 |
||
| 942 |
_2ddc _cBK |
||
| 999 |
_c362500 _d362500 |
||